Statistics for Pokémon Record Breakers Quiz

Click here to take the quiz!

General Stats

  • This quiz has been taken 1,231 times
    (1,222 since last reset)
  • The average score is 8 of 16

Answer Stats

Hint Answer % Correct
The Biggest PokémonWailord (47'07")
85%
The first starter Pokémon (Pokédex order) to have a secondary typeBulbasaur
74%
The Heaviest PokémonGroudon (2094.4lbs)
68%
The Pokémon with the Highest HP StatBlissey (255)
61%
The Lightest PokémonGastly/Haunter (0.2lbs)
58%
The Pokémon with the Highest Base StatsArceus (720)
58%
The only Pokémon whose name begins with the letter XXatu
57%
The first Pokémon (in Pokédex order) to have no weaknessesSableye
53%
The Pokémon with the Lowest Base StatsSunkern (180)
47%
The Smallest PokémonJoltik (0'04")
45%
The Pokémon with the Highest Defence StatShuckle (230)
44%
The first Pokémon (in Pokédex order) to be pure ice typeSnorunt
44%
The Pokémon that evolves at the Highest LevelZweilous (64)
43%
The Pokémon which requires the least amount of steps to hatch from an eggMagikarp
41%
The Non-Legendary Pokémon with the lowest catch rateBeldum/Metang/Metagross (3)
27%
The Pokémon with the Highest Attack Stat of all Non-LegendariesRampardos (165)
23%

Score Distribution

Percentile by Number Answered

Percent of People with Each Score

Your Score History

You have not taken this quiz since the last reset